000 00583nam a2200241Ia 4500
003 OSt
005 20221005114307.0
006 a|||||r|||| 00| 0
007 ta
008 221004b |||||||| |||| 00| 0 tam d
024 _a51669
037 _cTextual
040 _aCRL
_cCRL
_btam
041 _2tam
_atam
082 _aR43W, 31J7
100 _aVaradharajan Au.
_9625726
245 0 _aAramum drasiyalum
260 _c1957
650 _a PHILOSOPHY
650 _aETHICS
942 _hR43W, 31J7
_cTEXL
_2cc
999 _c1030866
_d1030866